[Event "GBR-ch 91st"]
[Site "Scarborough"]
[Date "2004.08.09"]
[Round "7.16"]
[White "Howell, David W"]
[Black "Sisask, Jesper"]
[Result "1-0"]
[WhiteElo "2334"]
[BlackElo "2057"]
[PlyCount "127"]
[EventDate "2004.08.02"]
[EventType "swiss"]
[EventRounds "11"]
[EventCountry "GBR"]

1. e4 e5 2. Nf3 Nf6 3. Nxe5 d6 4. Nf3 Nxe4 5. d4 d5 6. Bd3 Nc6 7. O-O Be7 8. c4
Nb4 9. Be2 Be6 10. Nc3 O-O 11. Ne5 f6 12. Nf3 c5 13. Be3 Rc8 14. Qa4 Qb6 15.
Rab1 Qc6 16. Qxc6 bxc6 17. dxc5 Nxc3 18. bxc3 Nc2 19. Rb7 Rfe8 20. Bd4 dxc4 21.
Rc1 Na3 22. Rxa7 Ra8 23. Rxa8 Rxa8 24. Nd2 Rb8 25. Bf3 Bd5 26. Bxd5+ cxd5 27.
Nf1 Rd8 28. Ne3 Nb5 29. Rb1 Nc7 30. Rb7 Rc8 31. Kf1 Bd8 32. Nc2 Kf7 33. Nb4 Ke8
34. Ke2 h5 35. Kd2 g5 36. Kc2 h4 37. Nc6 h3 38. gxh3 Ne6 39. Nb4 Nxc5 40. Rb5
Ne6 41. Nxd5 Kf7 42. Be3 Kg6 43. a4 Ra8 44. Rb4 f5 45. Nb6 Ra6 46. Nxc4 Bc7 47.
a5 Kh5 48. Rb5 f4 49. Bb6 Kh4 50. Kd3 Bb8 51. Ke4 Kxh3 52. Kf5 Nc7 53. Rc5 Ne8
54. Kxg5 Kxh2 55. Rc8 Nd6 56. Nxd6 Bxd6 57. Kf5 Kg2 58. Ke4 Kf1 59. Kd5 Ba3 60.
Kc4 f3 61. Kb5 Rxb6+ 62. axb6 Kxf2 63. b7 Bd6 64. b8=Q 1-0

[Event "GBR-ch 91st"]
[Site "Scarborough"]
[Date "2004.08.09"]
[Round "7.17"]
[White "Storey, Charles"]
[Black "Ledger, David J"]
[Result "1-0"]
[WhiteElo "2217"]
[BlackElo "2285"]
[PlyCount "85"]
[EventDate "2004.08.02"]
[EventType "swiss"]
[EventRounds "11"]
[EventCountry "GBR"]

1. e4 e5 2. Nf3 Nc6 3. d4 exd4 4. Bc4 Nf6 5. e5 Ne4 6. O-O d5 7. Bb5 Bd7 8.
Bxc6 bxc6 9. Qxd4 Bc5 10. Qd3 O-O 11. Nc3 Bf5 12. Ng5 Bg6 13. Ngxe4 dxe4 14.
Nxe4 Bd4 15. Bf4 Qd5 16. Rfe1 Rad8 17. c4 Bxe4 18. Qxe4 Qxc4 19. b3 Qd5 20.
Rac1 Rfe8 21. Qxd5 Rxd5 22. Rxc6 g5 23. Bxg5 Bxe5 24. Kf1 Rb8 25. Be3 a5 26.
Rc5 Rxc5 27. Bxc5 Bf6 28. Re4 Rb5 29. Rg4+ Kh8 30. Rc4 a4 31. bxa4 Rb1+ 32. Ke2
Rb2+ 33. Kd3 Rxa2 34. Ke4 Kg7 35. Kd5 Kg6 36. Kc6 Be5 37. g3 h5 38. h3 f5 39.
f4 Bd6 40. Bxd6 cxd6 41. Kb6 Ra3 42. a5 Rxg3 43. Ra4 1-0

[Event "GBR-ch 91st"]
[Site "Scarborough"]
[Date "2004.08.09"]
[Round "7.19"]
[White "Gwaze, Robert"]
[Black "Lyell, Mark"]
[Result "1-0"]
[WhiteElo "2376"]
[BlackElo "2217"]
[PlyCount "79"]
[EventDate "2004.08.02"]
[EventType "swiss"]
[EventRounds "11"]
[EventCountry "GBR"]

1. e4 e5 2. Nf3 Nc6 3. Bc4 Nf6 4. d3 d5 5. exd5 Nxd5 6. O-O Bc5 7. Re1 O-O 8.
Nxe5 Qh4 9. Nf3 Qxf2+ 10. Kh1 Nf6 11. Re2 Ng4 12. c3 Bf5 13. h3 Rae8 14. d4 Be4
15. hxg4 Bxf3 16. Rxf2 Bxd1 17. dxc5 Ne5 18. Na3 Nxg4 19. Rf1 Be2 20. Bxe2 Rxe2
21. Nb5 Nf2+ 22. Kg1 Nd3 23. b4 Rfe8 24. Bf4 Rb2 25. Nd4 c6 26. Bc1 Nxc1 27.
Rfxc1 g6 28. Rc2 Rxc2 29. Nxc2 Re2 30. Nd4 Rb2 31. a4 Kg7 32. b5 a6 33. bxc6
bxc6 34. Nxc6 Rc2 35. Ra3 Kf6 36. a5 g5 37. Nb4 Rd2 38. Nxa6 g4 39. Nb4 g3 40.
Ra1 1-0

[Event "GBR-ch 91st"]
[Site "Scarborough"]
[Date "2004.08.09"]
[Round "7.20"]
[White "Sowray, Peter J"]
[Black "Walton, Alan J"]
[Result "1/2-1/2"]
[WhiteElo "2349"]
[BlackElo "2208"]
[PlyCount "124"]
[EventDate "2004.08.02"]
[EventType "swiss"]
[EventRounds "11"]
[EventCountry "GBR"]

1. Nf3 f5 2. g3 Nf6 3. Bg2 d6 4. d4 e6 5. O-O Be7 6. c4 O-O 7. b4 Ne4 8. Bb2
Bf6 9. Qb3 a5 10. a3 Qe8 11. Nc3 Nxc3 12. Bxc3 a4 13. Qb2 Nd7 14. Rae1 e5 15.
e4 fxe4 16. Rxe4 Qg6 17. Nh4 Qf7 18. f4 exd4 19. Bxd4 Bxh4 20. gxh4 Nf6 21. Re3
c6 22. c5 dxc5 23. bxc5 Bf5 24. Bh3 Bxh3 25. Rxh3 Nh5 26. Be5 Rad8 27. Re3 Qe7
28. Qc3 Qxh4 29. Re2 Rf7 30. Rg2 Nf6 31. Kh1 Ng4 32. Bd6 Re8 33. Qg3 Qxg3 34.
Rxg3 Nh6 35. Rd3 Re2 36. Rg1 Rd7 37. Rd4 Nf5 38. Rxa4 Nxd6 39. Rd4 Re4 40. Rd3
Rxf4 41. cxd6 Kf7 42. Rc1 Rf5 43. Re1 Kf6 44. Re8 g6 45. Rf8+ Kg7 46. Rc8 Rf8
47. Rc7 Rxc7 48. dxc7 Rc8 49. Rd7+ Kf6 50. Rxh7 Ke5 51. Kg2 Kd4 52. Kf3 c5 53.
Rd7+ Ke5 54. Ke3 b5 55. Kd3 Ke6 56. Rg7 Kd6 57. a4 bxa4 58. Kc4 Rxc7 59. Rxg6+
Ke5 60. Ra6 Rh7 61. Kxc5 Rxh2 62. Rxa4 Rc2+ 1/2-1/2

[Event "GBR-ch 91st"]
[Site "Scarborough"]
[Date "2004.08.09"]
[Round "7.21"]
[White "Ashton, Adam"]
[Black "Pym, Thomas"]
[Result "1-0"]
[WhiteElo "2270"]
[BlackElo "2059"]
[PlyCount "115"]
[EventDate "2004.08.02"]
[EventType "swiss"]
[EventRounds "11"]
[EventCountry "GBR"]

1. e4 c5 2. Nf3 d6 3. Bc4 Nf6 4. e5 dxe5 5. Nxe5 e6 6. Qe2 Bd6 7. b3 O-O 8. Bb2
Qc7 9. O-O Nbd7 10. f4 Nd5 11. g3 a6 12. Bd3 b5 13. Be4 Bb7 14. Nxd7 Qxd7 15.
Nc3 Nb4 16. a3 Bxe4 17. Nxe4 Nd5 18. Nxd6 Qxd6 19. Qe5 Qxe5 20. Bxe5 Rfd8 21.
Kf2 f6 22. Bb2 c4 23. bxc4 bxc4 24. Ke2 Kf7 25. Rab1 Rab8 26. Ba1 a5 27. Rfc1
Rdc8 28. Bd4 Kg6 29. Ba7 Ra8 30. Rb7 Rc7 31. Rxc7 Nxc7 32. Bc5 Rb8 33. Bd6 Rb7
34. Bxc7 Rxc7 35. Rb1 Rc5 36. a4 h5 37. Rb5 Rd5 38. Ke3 Kf5 39. Rb7 g5 40. fxg5
fxg5 41. h3 Re5+ 42. Kf3 g4+ 43. hxg4+ hxg4+ 44. Kf2 Kf6 45. Rb8 Ke7 46. Rg8
Re4 47. c3 Kd6 48. Rg5 e5 49. Rg8 Kc7 50. Ra8 Kb6 51. Rb8+ Ka7 52. Rb1 Ka6 53.
Rb5 Ka7 54. Rxa5+ Kb6 55. Rd5 Ka6 56. a5 Kb7 57. Rd6 Ka7 58. a6 1-0

[Event "GBR-ch 91st"]
[Site "Scarborough"]
[Date "2004.08.09"]
[Round "7.22"]
[White "Rayner, Francis"]
[Black "Hutchinson, Norman A"]
[Result "0-1"]
[WhiteElo "2252"]
[BlackElo "2176"]
[PlyCount "78"]
[EventDate "2004.08.02"]
[EventType "swiss"]
[EventRounds "11"]
[EventCountry "GBR"]

1. Nf3 c6 2. g3 d5 3. Bg2 Nd7 4. d4 Ngf6 5. O-O e6 6. c4 dxc4 7. Qc2 b5 8. b3
Bb7 9. bxc4 bxc4 10. Nc3 Bd6 11. Rb1 Nb6 12. e4 Be7 13. Rd1 O-O 14. e5 Nfd5 15.
Ne4 Nb4 16. Rxb4 Bxb4 17. Nfg5 g6 18. Nf6+ Kg7 19. Qe4 Rh8 20. Qf4 Qc7 21. Nxf7
h6 22. Nxh8 Rxh8 23. Ne8+ Rxe8 24. Qxh6+ Kg8 25. Qxg6+ Kf8 26. Bh6+ Ke7 27. Bh3
Bc8 28. Qf6+ Kd7 29. Qf7+ Kd8 30. Bg5+ Be7 31. Bd2 Qd7 32. Bg2 Qxd4 33. Qh5 Bd7
34. Be3 Qb2 35. Bxc6 Rf8 36. Bxb6+ Qxb6 37. Rxd7+ Kc8 38. Qe2 Rxf2 39. Qxf2 Bc5
0-1

[Event "GBR-ch 91st"]
[Site "Scarborough"]
[Date "2004.08.09"]
[Round "7.23"]
[White "Westwood, Richard"]
[Black "Snape, Ian"]
[Result "0-1"]
[WhiteElo "2030"]
[BlackElo "2228"]
[PlyCount "80"]
[EventDate "2004.08.02"]
[EventType "swiss"]
[EventRounds "11"]
[EventCountry "GBR"]

1. Nf3 Nf6 2. g3 g6 3. Bg2 Bg7 4. d4 O-O 5. O-O d6 6. c4 c6 7. Nc3 Qa5 8. Qc2
Qh5 9. e4 Bh3 10. Nh4 Bxg2 11. Kxg2 e5 12. dxe5 dxe5 13. f3 Nfd7 14. b3 Na6 15.
Ba3 Rfe8 16. Rad1 Ndc5 17. Qf2 Ne6 18. Rd7 b6 19. b4 f5 20. b5 cxb5 21. Nxb5
Nac5 22. Bxc5 Nxc5 23. Rxg7+ Kxg7 24. Nc7 Rac8 25. Nxe8+ Rxe8 26. Qd2 f4 27.
Qd6 Qg5 28. Rd1 Ne6 29. Qa3 Re7 30. Kf2 Rf7 31. Ng2 Qf6 32. g4 Nd4 33. c5 Qc6
34. Rc1 Qb5 35. Ne1 Qe2+ 36. Kg1 Qd2 37. Kh1 Qf2 38. Ng2 Ne2 39. Re1 bxc5 40.
Qa6 Nd4 0-1

[Event "GBR-ch 91st"]
[Site "Scarborough"]
[Date "2004.08.09"]
[Round "7.24"]
[White "Nixon, Thomas"]
[Black "Briscoe, Christopher"]
[Result "0-1"]
[WhiteElo "2198"]
[BlackElo "2157"]
[PlyCount "80"]
[EventDate "2004.08.02"]
[EventType "swiss"]
[EventRounds "11"]
[EventCountry "GBR"]

1. d4 c5 2. d5 f5 3. Nc3 Nf6 4. Bg5 Qb6 5. Qd3 Qxb2 6. Rb1 Qa3 7. Bc1 Qa5 8.
Rb5 Qc7 9. Qxf5 g6 10. Qd3 b6 11. Rb1 Ba6 12. Nb5 Bxb5 13. Rxb5 Na6 14. a3 Nb4
15. axb4 a6 16. Bb2 axb5 17. e4 c4 18. Qd4 e5 19. dxe6 Bxb4+ 20. Ke2 O-O 21. e7
Bxe7 22. g4 Bc5 23. Qc3 Qf4 24. f3 d5 25. Nh3 d4 26. Nxf4 dxc3 27. Bxc3 Nxe4
28. fxe4 Rxf4 29. e5 Rf2+ 30. Kd1 Ra2 31. Be2 Rxe2 32. Kxe2 Rxc2+ 33. Bd2 Bb4
34. Rb1 Bxd2 35. Rxb5 Ba5+ 36. Kf3 Rxh2 37. e6 Kf8 38. Ke4 c3 39. Rb1 c2 40.
Rc1 Bb4 0-1

[Event "GBR-ch 91st"]
[Site "Scarborough"]
[Date "2004.08.09"]
[Round "7.25"]
[White "Burrows, Martin"]
[Black "Lee, Graham D"]
[Result "1-0"]
[WhiteElo "2226"]
[BlackElo "2316"]
[PlyCount "91"]
[EventDate "2004.08.02"]
[EventType "swiss"]
[EventRounds "11"]
[EventCountry "GBR"]

1. e4 c6 2. d4 d5 3. e5 Bf5 4. Nf3 e6 5. Be2 Bg4 6. Nbd2 c5 7. c3 Nc6 8. Qa4
cxd4 9. Bb5 dxc3 10. Bxc6+ bxc6 11. bxc3 f5 12. Qxc6+ Kf7 13. Ng5+ Qxg5 14.
Qxa8 f4 15. Qxa7+ Be7 16. Qd4 Bc5 17. Ne4 dxe4 18. Qxc5 Ne7 19. h4 Qf5 20. Ba3
Nd5 21. c4 f3 22. cxd5 fxg2 23. Rg1 Qf3 24. Qe7+ Kg6 25. Qg5+ Kf7 26. Qe7+ Kg6
27. Qg5+ Kf7 28. dxe6+ Kxe6 29. Qe7+ Kf5 30. Qf7+ Kxe5 31. Bb2+ Kd6 32. Qxf3
Bxf3 33. Rc1 Ra8 34. Rc2 g6 35. Kd2 Ra5 36. Ke3 Ke6 37. Kf4 Rxa2 38. Rd2 h6 39.
Kg3 g5 40. hxg5 Ra5 41. gxh6 Rg5+ 42. Kf4 Rf5+ 43. Ke3 Rh5 44. Rc2 Rh1 45. Rcc1
Kf5 46. Rxh1 1-0

[Event "GBR-ch 91st"]
[Site "Scarborough"]
[Date "2004.08.09"]
[Round "7.26"]
[White "Hutchinson, Paul A"]
[Black "Clarke, Thomas"]
[Result "1-0"]
[WhiteElo "2216"]
[BlackElo "2132"]
[PlyCount "45"]
[EventDate "2004.08.02"]
[EventType "swiss"]
[EventRounds "11"]
[EventCountry "GBR"]

1. e4 e5 2. f4 Nc6 3. Nf3 exf4 4. d4 d5 5. exd5 Qxd5 6. Nc3 Bb4 7. Bd2 Bxc3 8.
bxc3 Nf6 9. Bd3 Bg4 10. O-O g5 11. Qe1+ Kf8 12. c4 Qd6 13. Nxg5 Qxd4+ 14. Kh1
Re8 15. Qh4 h6 16. Bxf4 hxg5 17. Qxh8+ Ke7 18. Rae1+ Be6 19. Rxe6+ Kxe6 20.
Qh3+ g4 21. Qh6 Ne7 22. Bxc7 Neg8 23. Bf5+ 1-0

[Event "GBR-ch 91st"]
[Site "Scarborough"]
[Date "2004.08.09"]
[Round "7.27"]
[White "Spence, David J"]
[Black "Mycroft, Richard"]
[Result "1/2-1/2"]
[WhiteElo "2236"]
[BlackElo "2110"]
[PlyCount "64"]
[EventDate "2004.08.02"]
[EventType "swiss"]
[EventRounds "11"]
[EventCountry "GBR"]

1. d4 Nf6 2. Nf3 g6 3. Nc3 d5 4. Bf4 c6 5. e3 Bg7 6. Be2 O-O 7. h4 Bg4 8. Ne5
Bxe2 9. Qxe2 Nbd7 10. h5 Nxh5 11. Rxh5 gxh5 12. Qxh5 f6 13. Nf3 e5 14. Bg3 Qe8
15. Qh3 f5 16. O-O-O e4 17. Nh4 Qh5 18. Rh1 Rae8 19. Kd2 Nb6 20. b3 c5 21. dxc5
d4 22. Nb5 dxe3+ 23. fxe3 f4 24. Bxf4 Rxf4 25. exf4 e3+ 26. Kc1 e2 27. Nf3 Qxc5
28. Qxh7+ Kf8 29. Qd3 Nd5 30. Qf5+ Kg8 31. Qh7+ Kf8 32. Qf5+ Kg8 1/2-1/2

[Event "GBR-ch 91st"]
[Site "Scarborough"]
[Date "2004.08.09"]
[Round "7.28"]
[White "Gregory, Stephen J"]
[Black "Surtees, Michael"]
[Result "1-0"]
[WhiteElo "2180"]
[BlackElo "2239"]
[PlyCount "67"]
[EventDate "2004.08.02"]
[EventType "swiss"]
[EventRounds "11"]
[EventCountry "GBR"]

1. e4 c6 2. d4 d5 3. Nc3 a6 4. Nf3 f6 5. exd5 cxd5 6. Bd3 Nc6 7. O-O g6 8. Re1
Nh6 9. Bf4 Bg7 10. Qd2 g5 11. Bxg5 fxg5 12. Qxg5 O-O 13. Nxd5 e6 14. Qxd8 Nxd8
15. Nb6 Rb8 16. c3 Rxf3 17. gxf3 e5 18. Nxc8 Rxc8 19. dxe5 Ne6 20. Be4 Nf4 21.
Rad1 Rc7 22. e6 Re7 23. Rd7 Bf6 24. Bxb7 a5 25. Re4 Ng6 26. Rc4 Kg7 27. Rcc7
Ng8 28. Be4 Nf4 29. Bf5 h5 30. Ra7 h4 31. Kf1 Bg5 32. Rxa5 Kf6 33. Bg4 Bh6 34.
Rxe7 1-0

[Event "GBR-ch 91st"]
[Site "Scarborough"]
[Date "2004.08.09"]
[Round "7.29"]
[White "Kafka, Graeme"]
[Black "Almond, Philip"]
[Result "1-0"]
[WhiteElo "2143"]
[BlackElo "2131"]
[PlyCount "95"]
[EventDate "2004.08.02"]
[EventType "swiss"]
[EventRounds "11"]
[EventCountry "GBR"]

1. e4 c5 2. Nf3 d6 3. d4 cxd4 4. Nxd4 Nf6 5. Nc3 a6 6. f4 e5 7. Nf3 Nbd7 8. a4
Be7 9. Bd3 O-O 10. O-O Nc5 11. Kh1 exf4 12. Bxf4 Bg4 13. Qd2 Bh5 14. Nd4 d5 15.
exd5 Nxd3 16. Qxd3 Bg6 17. Nf5 Bb4 18. Bg5 Bxc3 19. bxc3 Re8 20. Bxf6 Qxf6 21.
Nh6+ Kh8 22. Nxf7+ Kg8 23. Nh6+ Kh8 24. Nf7+ Kg8 25. Nh6+ Kh8 26. Rxf6 Bxd3 27.
Rf2 Bg6 28. Nf7+ Kg8 29. Raf1 h6 30. d6 Rf8 31. Ne5 Bxc2 32. Rxf8+ Rxf8 33.
Rxf8+ Kxf8 34. a5 Be4 35. Kg1 b6 36. Nd7+ Kf7 37. Nxb6 Bc6 38. Kf2 Ke6 39. d7
Bxd7 40. Nxd7 Kxd7 41. Ke3 Kc6 42. Kd4 Kb5 43. Kd5 Kxa5 44. c4 Kb6 45. Kd6 Kb7
46. c5 Kc8 47. Kc6 g6 48. Kb6 1-0

[Event "GBR-ch 91st"]
[Site "Scarborough"]
[Date "2004.08.09"]
[Round "7.30"]
[White "Bryant, Richard"]
[Black "Hempson, Peter"]
[Result "0-1"]
[WhiteElo "1872"]
[BlackElo "2172"]
[PlyCount "90"]
[EventDate "2004.08.02"]
[EventType "swiss"]
[EventRounds "11"]
[EventCountry "GBR"]

1. e4 d5 2. d4 dxe4 3. Nc3 Nf6 4. f3 exf3 5. Nxf3 Bg4 6. h3 Bxf3 7. Qxf3 c6 8.
Be3 e6 9. O-O-O Bb4 10. Bg5 Bxc3 11. bxc3 Qd5 12. Bxf6 Qxf3 13. gxf3 gxf6 14.
Bd3 Nd7 15. Rhg1 Ke7 16. Rg7 Rag8 17. Rdg1 Rxg7 18. Rxg7 f5 19. Kd2 Nf6 20. Rg1
Rg8 21. Rxg8 Nxg8 22. Ke3 Kf6 23. f4 Ne7 24. c4 b6 25. Be2 c5 26. c3 Ng6 27.
Bf3 Ke7 28. d5 Kd6 29. a3 Ne7 30. Bh5 exd5 31. Bxf7 dxc4 32. Bxc4 Nd5+ 33. Kf3
Nxc3 34. Bg8 h6 35. Bh7 Nb5 36. a4 Nd4+ 37. Ke3 a6 38. Kd3 b5 39. axb5 axb5 40.
Bg6 Kd5 41. Bf7+ Ne6 42. Kc3 Kd6 43. Bg6 Nd4 44. h4 Kd5 45. Bf7+ Ke4 0-1

[Event "GBR-ch 91st"]
[Site "Scarborough"]
[Date "2004.08.10"]
[Round "8.2"]
[White "Arakhamia-Grant, Ketevan"]
[Black "Hanley, Craig A"]
[Result "1-0"]
[WhiteElo "2446"]
[BlackElo "2356"]
[PlyCount "55"]
[EventDate "2004.08.02"]
[EventType "swiss"]
[EventRounds "11"]
[EventCountry "GBR"]

1. e4 e5 2. Bc4 Nf6 3. d3 c6 4. Nf3 d6 5. Nc3 Be7 6. h3 O-O 7. O-O Nbd7 8. a3
b5 9. Ba2 Bb7 10. Nh4 Re8 11. Nf5 Bf8 12. f4 exf4 13. Bxf4 d5 14. Qf3 b4 15.
axb4 Qb6+ 16. Kh1 Qxb4 17. exd5 cxd5 18. Nxd5 Bxd5 19. Bxd5 Nxd5 20. Qxd5 Nf6
21. Qf3 Qxb2 22. Bg5 Qxc2 23. Nxg7 Bxg7 24. Bxf6 Bxf6 25. Qxf6 Qxd3 26. Qxf7+
Kh8 27. Qf6+ Kg8 28. Rf5 1-0

[Event "GBR-ch 91st"]
[Site "Scarborough"]
[Date "2004.08.10"]
[Round "8.3"]
[White "Houska, Jovanka"]
[Black "Williams, Simon K"]
[Result "1/2-1/2"]
[WhiteElo "2375"]
[BlackElo "2427"]
[PlyCount "124"]
[EventDate "2004.08.02"]
[EventType "swiss"]
[EventRounds "11"]
[EventCountry "GBR"]

1. e4 e6 2. d4 d5 3. e5 c5 4. c3 Nc6 5. Nf3 Bd7 6. Be2 Nge7 7. Na3 Ng6 8. Nc2
Be7 9. Bd3 c4 10. Be2 f6 11. exf6 gxf6 12. g3 b5 13. b3 Bd6 14. Ne3 Nce7 15. a4
a6 16. Ba3 Bxa3 17. Rxa3 Bc6 18. Qa1 O-O 19. axb5 axb5 20. Rxa8 Qxa8 21. O-O e5
22. h4 e4 23. Nd2 Re8 24. Bg4 Kf7 25. h5 Nf8 26. f3 exf3 27. Qd1 Qb8 28. Kh2
Ng8 29. Qxf3 Kg7 30. bxc4 bxc4 31. Ndxc4 Kh8 32. Nf5 Re6 33. Nce3 Qb2+ 34. Ng2
Bb5 35. Rf2 Qc1 36. Qxd5 Bc6 37. Qd8 Re1 38. Nxe1 Qxe1 39. Rg2 Ne6 40. Qc8 Bxg2
41. Kxg2 Qd2+ 42. Kf1 Qc1+ 43. Ke2 Qc2+ 44. Ke1 Qb1+ 45. Kd2 Ng5 46. Qd7 Qb2+
47. Kd3 Qb1+ 48. Kc4 Qa2+ 49. Kb5 Qb3+ 50. Ka6 Ne6 51. h6 Qa3+ 52. Kb7 Nd8+ 53.
Kb6 Qb3+ 54. Ka7 Qa3+ 55. Kb8 Qb3+ 56. Kc8 Nf7 57. Qc6 Nfxh6 58. Qc7 Qe6+ 59.
Qd7 Qa6+ 60. Kb8 Qb6+ 61. Kc8 Qa6+ 62. Kb8 Qb6+ 1/2-1/2

[Event "GBR-ch 91st"]
[Site "Scarborough"]
[Date "2004.08.10"]
[Round "8.4"]
[White "Greet, Andrew"]
[Black "Emms, John"]
[Result "1/2-1/2"]
[WhiteElo "2310"]
[BlackElo "2508"]
[PlyCount "160"]
[EventDate "2004.08.02"]
[EventType "swiss"]
[EventRounds "11"]
[EventCountry "GBR"]

1. d4 Nf6 2. c4 e6 3. Nf3 b6 4. e3 Bb7 5. Bd3 d5 6. b3 Bd6 7. O-O O-O 8. Bb2
Nbd7 9. Nc3 a6 10. Qe2 Ne4 11. Nd2 f5 12. f3 Nxd2 13. Qxd2 Qh4 14. g3 Qh6 15.
Rae1 Nf6 16. Qe2 Qh3 17. Nd1 Qh5 18. cxd5 exd5 19. Nf2 a5 20. f4 Qxe2 21. Rxe2
Ba6 22. Rc1 Rfe8 23. Kg2 Kf7 24. Kf3 Ne4 25. Bxa6 Rxa6 26. Nxe4 Rxe4 27. a4 Ra8
28. Ra1 Rc8 29. h3 h5 30. Bc3 Ke6 31. Rh1 Rg8 32. Rb1 g5 33. fxg5 Rxg5 34. Be1
Rg8 35. Bf2 Kd7 36. Rd2 h4 37. gxh4 f4 38. exf4 Rf8 39. Kg2 Rg8+ 40. Kh1 Bxf4
41. Rd3 Bd6 42. Rf3 Be7 43. Re3 Rxe3 44. Bxe3 Rh8 45. Kg2 Rxh4 46. Bf2 Rh8 47.
Rh1 Bh4 48. Be3 Rf8 49. Rd1 Rg8+ 50. Kh2 Re8 51. Rd3 c6 52. Kg2 Rg8+ 53. Kh2
Rg7 54. Bf4 Rf7 55. Bg3 Bxg3+ 56. Kxg3 Kd6 57. Rf3 Rg7+ 58. Kf2 Ke6 59. Rg3 Rh7
60. Rg6+ Kf5 61. Rxc6 Rxh3 62. Rxb6 Ke4 63. b4 Ra3 64. bxa5 Rxa4 65. Rh6 Ra2+
66. Ke1 Kxd4 67. Rh3 Kc4 68. Kd1 d4 69. a6 Rxa6 70. Rg3 Ra2 71. Rh3 Rg2 72. Rf3
Rb2 73. Rh3 Rb3 74. Rxb3 Kxb3 75. Kd2 Kc4 76. Kc2 d3+ 77. Kd2 Kd4 78. Kd1 Kc3
79. Kc1 d2+ 80. Kd1 Kd3 1/2-1/2

[Event "GBR-ch 91st"]
[Site "Scarborough"]
[Date "2004.08.10"]
[Round "8.6"]
[White "Motwani, Paul"]
[Black "Quinn, Mark"]
[Result "1-0"]
[WhiteElo "2552"]
[BlackElo "2406"]
[PlyCount "61"]
[EventDate "2004.08.02"]
[EventType "swiss"]
[EventRounds "11"]
[EventCountry "GBR"]

1. e4 c5 2. g3 Nc6 3. Bg2 h5 4. Nf3 d6 5. d4 cxd4 6. Nxd4 e5 7. Nb3 h4 8. Nc3
Be6 9. Be3 Nf6 10. Qe2 a6 11. O-O-O h3 12. Bf3 b5 13. Kb1 Be7 14. Nd5 Bxd5 15.
exd5 Na5 16. Nxa5 Qxa5 17. Rhg1 Rc8 18. g4 g6 19. g5 Nh5 20. Bxh5 Rxh5 21. f4
exf4 22. Bxf4 Kf8 23. Rg3 Qd8 24. Qg4 Rc4 25. b3 Rc5 26. Be3 Rc3 27. Rf1 Qc8
28. Qe4 Ke8 29. Rxf7 Kxf7 30. Rf3+ Ke8 31. Qxg6+ 1-0

[Event "GBR-ch 91st"]
[Site "Scarborough"]
[Date "2004.08.10"]
[Round "8.10"]
[White "Mannion, Stephen"]
[Black "Summerscale, Aaron"]
[Result "1/2-1/2"]
[WhiteElo "2333"]
[BlackElo "2493"]
[PlyCount "43"]
[EventDate "2004.08.02"]
[EventType "swiss"]
[EventRounds "11"]
[EventCountry "GBR"]

1. e4 e6 2. d4 d5 3. exd5 exd5 4. Nf3 Bg4 5. h3 Bh5 6. Qe2+ Qe7 7. Be3 Nc6 8.
Nc3 O-O-O 9. O-O-O f6 10. g3 Qe8 11. Bg2 Bb4 12. Qb5 Nge7 13. Rhe1 Qd7 14. g4
Bf7 15. Nd2 Bxc3 16. bxc3 Qd6 17. Nb3 Qa3+ 18. Kb1 a6 19. Qc5 Qa4 20. Bc1 Ng6
21. Bf1 b6 22. Qa3 1/2-1/2

[Event "GBR-ch 91st"]
[Site "Scarborough"]
[Date "2004.08.10"]
[Round "8.11"]
[White "Rendle, Thomas"]
[Black "Ledger, Andrew J"]
[Result "1/2-1/2"]
[WhiteElo "2258"]
[BlackElo "2452"]
[PlyCount "115"]
[EventDate "2004.08.02"]
[EventType "swiss"]
[EventRounds "11"]
[EventCountry "GBR"]

1. f4 c5 2. Nf3 Nc6 3. d3 g6 4. g3 Bg7 5. Bg2 e6 6. Nc3 Nge7 7. O-O O-O 8. e4
d6 9. Be3 Nd4 10. Bf2 Nec6 11. Nxd4 Nxd4 12. Rb1 Bd7 13. Ne2 Qa5 14. c3 Nxe2+
15. Qxe2 Rac8 16. a3 b5 17. g4 Rfe8 18. Qd2 Qc7 19. Kh1 Bc6 20. Rg1 Qb7 21.
Rbe1 a5 22. d4 cxd4 23. cxd4 b4 24. axb4 axb4 25. d5 exd5 26. exd5 Bd7 27. Bf3
Rxe1 28. Rxe1 b3 29. Bd4 Rc2 30. Qe3 Qb4 31. Bxg7 Kxg7 32. f5 Qd2 33. Qxd2 Rxd2
34. fxg6 hxg6 35. Re7 Bc8 36. Rc7 Ba6 37. Rc6 Bd3 38. Rc3 Bc2 39. Kg1 Kf6 40.
h4 Ke5 41. h5 gxh5 42. gxh5 Kf5 43. h6 Kg6 44. Rc6 Kxh6 45. Rxd6+ Kg5 46. Rc6
f5 47. Rc3 Kf4 48. Kf1 Ke5 49. Ke1 Rh2 50. Re3+ Kd4 51. Rc3 Rh7 52. d6 Rd7 53.
Bd1 Rxd6 54. Bxc2 bxc2 55. Rxc2 Rb6 56. Kf2 Rb3 57. Re2 f4 58. Re8 1/2-1/2

[Event "GBR-ch 91st"]
[Site "Scarborough"]
[Date "2004.08.10"]
[Round "8.13"]
[White "Muir, Andrew J"]
[Black "Storey, Charles"]
[Result "1-0"]
[WhiteElo "2328"]
[BlackElo "2217"]
[PlyCount "90"]
[EventDate "2004.08.02"]
[EventType "swiss"]
[EventRounds "11"]
[EventCountry "GBR"]

1. d4 c5 2. d5 g6 3. e4 Bg7 4. Nc3 d6 5. Nf3 Nf6 6. Be2 O-O 7. O-O Na6 8. Re1
Nc7 9. a4 Rb8 10. Rb1 Nd7 11. Bf4 a6 12. a5 b5 13. axb6 Rxb6 14. Qd2 Re8 15.
Bc4 Rb4 16. b3 Nb6 17. Bf1 Bxc3 18. Qxc3 Nbxd5 19. exd5 Rxf4 20. Qd2 Rf5 21. c4
e5 22. dxe6 Rxe6 23. Bd3 Rh5 24. Be4 Qe7 25. g4 Rh3 26. Ng5 Rh4 27. h3 Re5 28.
f4 Rxg5 29. fxg5 Ne6 30. Bg2 Qd8 31. Rbd1 Nd4 32. Qf2 Qxg5 33. Rxd4 cxd4 34.
Re8+ Kg7 35. Qxd4+ Kh6 36. Rxc8 f5 37. Rc7 Qc1+ 38. Kh2 fxg4 39. Qg7+ Kg5 40.
Qe7+ Kh5 41. Qxh7+ Kg5 42. Qe7+ Kh5 43. Qxd6 Qe1 44. Rh7+ Kg5 45. Qd8+ Kf4 1-0

[Event "GBR-ch 91st"]
[Site "Scarborough"]
[Date "2004.08.10"]
[Round "8.14"]
[White "Rudd, Jack"]
[Black "Dearing, Eddie"]
[Result "0-1"]
[WhiteElo "2281"]
[BlackElo "2393"]
[PlyCount "76"]
[EventDate "2004.08.02"]
[EventType "swiss"]
[EventRounds "11"]
[EventCountry "GBR"]

1. e4 c5 2. Nf3 e6 3. Nc3 a6 4. g3 b5 5. Bg2 Bb7 6. d3 d6 7. O-O Nf6 8. Nh4 Nc6
9. f4 Be7 10. Kh1 Qc7 11. Be3 O-O 12. g4 b4 13. Na4 Nd7 14. g5 g6 15. f5 exf5
16. exf5 Nce5 17. f6 Bd8 18. Rf2 Re8 19. Bf4 Bxg2+ 20. Rxg2 Qc6 21. b3 Bc7 22.
Qd2 Re6 23. d4 cxd4 24. Qxd4 Rae8 25. Rf1 a5 26. c4 bxc3 27. Qxc3 Qb5 28. Rd1
Bb8 29. h3 Ba7 30. Nb2 Nc5 31. Bxe5 Rxe5 32. Nf3 Re3 33. Nd4 Qb7 34. Qxa5 Rg3
35. Rdd2 Rxh3+ 36. Kg1 Re1+ 37. Kf2 Qf3+ 38. Nxf3 Nd3# 0-1

[Event "GBR-ch 91st"]
[Site "Scarborough"]
[Date "2004.08.10"]
[Round "8.15"]
[White "Bigg, Andrew J"]
[Black "Gwaze, Robert"]
[Result "0-1"]
[WhiteElo "2275"]
[BlackElo "2376"]
[PlyCount "60"]
[EventDate "2004.08.02"]
[EventType "swiss"]
[EventRounds "11"]
[EventCountry "GBR"]

1. d4 d6 2. e4 g6 3. Nc3 Bg7 4. Nf3 a6 5. Be3 b5 6. Bd3 Bb7 7. a4 b4 8. Ne2 Nd7
9. Ng3 c5 10. c3 Qa5 11. O-O Ngf6 12. Nd2 O-O 13. f4 bxc3 14. Nc4 Qc7 15. bxc3
d5 16. Nd2 dxe4 17. Ndxe4 Nd5 18. Qd2 Rad8 19. f5 Nxe3 20. Qxe3 cxd4 21. Qg5
Bxe4 22. Bxe4 Qc5 23. h4 dxc3+ 24. Kh1 Kh8 25. Rad1 Nf6 26. Rde1 Rd4 27. fxg6
Qxg5 28. hxg5 Nxe4 29. Nxe4 hxg6 30. Rf3 c2 0-1

[Event "GBR-ch 91st"]
[Site "Scarborough"]
[Date "2004.08.10"]
[Round "8.16"]
[White "Ashton, Adam"]
[Black "Taylor, Martin R"]
[Result "1-0"]
[WhiteElo "2270"]
[BlackElo "2331"]
[PlyCount "105"]
[EventDate "2004.08.02"]
[EventType "swiss"]
[EventRounds "11"]
[EventCountry "GBR"]

1. e4 e5 2. Nf3 Nc6 3. Bb5 a6 4. Ba4 Nf6 5. O-O b5 6. Bb3 Be7 7. Re1 d6 8. c3
O-O 9. h3 Nd7 10. d4 Bf6 11. a4 Bb7 12. d5 Ne7 13. Na3 Nc5 14. Bc2 Nxa4 15.
Bxa4 bxa4 16. Nc4 g6 17. Rxa4 Bg7 18. Na5 Bc8 19. Nh2 Bd7 20. Ra2 f5 21. f3 Kh8
22. b4 Ng8 23. Be3 Bh6 24. Qd2 Bxe3+ 25. Qxe3 f4 26. Qf2 Qf6 27. Rea1 Rae8 28.
Nc6 Bc8 29. c4 g5 30. c5 h5 31. Na7 Bb7 32. c6 Bc8 33. Nxc8 Rxc8 34. Rxa6 Nh6
35. R1a3 Rg8 36. Qa2 Rg7 37. Ra8 Rxa8 38. Rxa8+ Kh7 39. Qe2 g4 40. fxg4 hxg4
41. Nxg4 Nxg4 42. hxg4 Qh4 43. Ra3 Rxg4 44. b5 Rg3 45. Rf3 Rxf3 46. gxf3 Qd8
47. Qh2+ Kg6 48. b6 Qb8 49. b7 Kg5 50. Kg2 Kg6 51. Qh4 Qa7 52. Qf2 Qb8 53. Qa2
1-0